000 00242nam a22001097a 4500
008 170120b xxu||||| |||| 00| 0 eng d
020 _a9780916730857
041 _aeng
080 _a618.2
245 _aenegencies
_cPOTTER, D.O
942 _2udc
_cBK
999 _c3203
_d3203